Re-reading George Orwell's Nineteen Eighty-Four / (Record no. 102464)

MARC details
000 -LEADER
fixed length control field 00930nam a22002177a 4500
005 - DATE AND TIME OF LATEST TRANSACTION
control field 20170719165358.0
010 ## - LCCN (DPL NO)
LC control number 1617EN
020 ## - INTERNATIONAL STANDARD BOOK NUMBER
International Standard Book Number 9788173071560
Terms of availability 1195.00
035 ## - SYSTEM CONTROL NUMBER
System control number B-651860-862
035 ## - SYSTEM CONTROL NUMBER
System control number B-666218
037 ## - SOURCE OF ACQUISITION
Source of stock number/acquisition Pragati
082 ## - DEWEY DECIMAL CLASSIFICATION NUMBER
Classification number 828.91209
100 ## - MAIN ENTRY--PERSONAL NAME
Personal name Thakur, Shardool
245 ## - TITLE STATEMENT
Title Re-reading George Orwell's Nineteen Eighty-Four /
Statement of responsibility, etc by Shardool Thakur
260 ## - PUBLICATION, DISTRIBUTION, ETC. (IMPRINT)
Place of publication, distribution, etc New Delhi
Name of publisher, distributor, etc Pragati Pub
Date of publication, distribution, etc 2016
270 ## - ADDRESS
Address 4382/4b Anasari Road, Daryaganj
City New Delhi
Postal code 110002
300 ## - PHYSICAL DESCRIPTION
Extent ix,228p.
Other physical details 22cm(HB)
942 ## - ADDED ENTRY ELEMENTS (KOHA)
Source of classification or shelving scheme Dewey Decimal Classification
Item type English Books
Classification part 828.91209
Call number suffix THA
Holdings
Withdrawn status Lost status Not for loan Collection code Home library Current library Date acquired Source of acquisition Cost, normal purchase price Full call number Barcode Copy number Cost, replacement price Koha item type
      Non-fiction Ashok Vihar Ashok Vihar 19/07/2017 BPPD/EN/2016-17/AV/2016-17/466/15.02.2017/567/28.02.2017/10.03.17 1195.00 828.91209 THA B-666218 1 1195.00 English Books
      Non-fiction Central Library Central Library 09/02/2017 BPPD/EN/2016-17/300/24.11.2016/IN339/02.12.2016/4.01.17 1195.00 828.91209 THA B-651860 1 1195.00 English Books
      Non-fiction Janak Puri Janak Puri 09/02/2017 BPPD/EN/2016-17/300/24.11.2016/IN339/02.12.2016/4.01.17 1195.00 828.91209 THA B-651862 1 1195.00 English Books
      Non-fiction Patel Nagar Patel Nagar 09/02/2017 BPPD/EN/2016-17/300/24.11.2016/IN339/02.12.2016/4.01.17 1195.00 828.91209 THA B-651861 1 1195.00 English Books

© Delhi Public Library
Hit Counter
free hit counter